Good practice in science teaching (Record no. 81651)
[ view plain ]
| 000 -LEADER | |
|---|---|
| fixed length control field | 01273nam a2200325Ia 4500 |
| 082 04 - DEWEY DECIMAL CLASSIFICATION NUMBER | |
| Classification number | 507.1 |
| 245 00 - TITLE STATEMENT | |
| Title | Good practice in science teaching |
| 250 ## - EDITION STATEMENT | |
| Edition statement | 2nd ed. |
| 260 ## - PUBLICATION, DISTRIBUTION, ETC. (IMPRINT) | |
| Place of publication | Maidenhead ; |
| -- | New York : |
| Name of publisher | Open University Press, |
| Year of publication | c2010. |
| 300 ## - PHYSICAL DESCRIPTION | |
| Number of Pages | xiii, 351 p. : |
| Other physical details | ill. |
| 650 #0 - SUBJECT ADDED ENTRY--TOPICAL TERM | |
| Topical Term | Science |
| Topical Term | Research. |
| 700 1# - ADDED ENTRY--PERSONAL NAME | |
| Personal name | Osborne, Jonathan. |
| Personal name | Dillon, Justin. |
| 856 40 - ELECTRONIC LOCATION AND ACCESS | |
| Uniform Resource Identifier | http://site.ebrary.com/lib/rucke/Doc?id=10403997 |
No items available.
